| 000 | 00385 a2200133 4500 | ||
|---|---|---|---|
| 001 | ART_25917 | ||
| 005 | 20260410161603.0 | ||
| 008 | 260409a | ||
| 245 | 1 | 0 | _aEl valor llave en los estados contables |
| 100 | 1 | _aDíaz, Teresa | |
| 700 | 1 | _aBertolino, Gisela | |
| 700 | 1 | _aSuardi, Diana | |
| 773 | 0 |
_tProfesional & Empresaria _g- Año V, Nº 58 (jul. 2004) _wREV70 |
|
| 999 |
_c9872 _d9872 |
||